00461 a2200169 4500003000500000005001700005040000900022082001200031100002200043245001700065260003000082300001400112538003000126942001200156999001900168952010400187Nust20170207154118.0 cNust a891.914 aCol Muhammad Khan aBazam Ariaan aLahorebGhalib Publishers a232 pages aAlmirah No.67, Shelf No.2 2ddccBK c194159d194159 00102ddc40708NFICaMCSbMCSd2016-12-12l0o891.941 KHApMCS36211r2016-12-08w2016-12-12yBK